Vista normal
Vista MARC
Entrada Materia (personas)
Número de registros utilizados en: 2
001 - CONTROL NUMBER
- control field: 90909
003 - CONTROL NUMBER IDENTIFIER
- control field: Co-BoUCM
005 - DATE AND TIME OF LATEST TRANSACTION
- control field: 20180122094338.0
008 - FIXED-LENGTH DATA ELEMENTS
- fixed length control field: 180122|| aca||aabn | a|a d
040 ## - CATALOGING SOURCE
- Original cataloging agency: Co-BoUCM
- Transcribing agency: Co-BoUCM
100 ## - HEADING--PERSONAL NAME
- Personal name: Cuervo Marquez, Emilio
670 ## - SOURCE DATA FOUND
- Source citation: Work cat.: (Co-BoUCM)37619: Armenta, Antonio L. 90906, La mina de sal gema de Zipaquirá, 1907 ;[1892] ;[1885] ;[1891] ;[1910] ;[1919] ;[1912] ;[1902] 1893] ;[1902]